Capital to Labour Ratio Based on the Corporate Life Cycle: Evidence from Czech Hospitality Enterprises
Výskum podielu kapitálu a práce v závislosti od životného cyklu firmy.
Saved in:
| Main Author: | |
|---|---|
| Other Authors: | |
| Format: | Book Chapter |
| Language: | English |
| Subjects: | |
| Tags: |
No Tags, Be the first to tag this record!
|
MARC
| LEADER | 00000naa a2200000 4500 | ||
|---|---|---|---|
| 001 | 0304538 | ||
| 005 | 20241011080719.2 | ||
| 041 | 0 | |a eng | |
| 044 | |a CZ | ||
| 245 | 1 | 0 | |a Capital to Labour Ratio Based on the Corporate Life Cycle: Evidence from Czech Hospitality Enterprises |c Zdeněk Konečný, Tomáš Jeřábek |
| 520 | |a Výskum podielu kapitálu a práce v závislosti od životného cyklu firmy. | ||
| 610 | 2 | 0 | |a kapitál |
| 610 | 2 | 0 | |a práca |
| 610 | 2 | 0 | |a cyklus podniku životný |
| 610 | 2 | 0 | |a podnik |
| 610 | 2 | 0 | |a spoločnosť |
| 610 | 2 | 0 | |a náklady |
| 610 | 2 | 0 | |a náklady práce |
| 610 | 2 | 0 | |a hotely |
| 610 | 2 | 0 | |a reštaurácie |
| 610 | 2 | 0 | |a príjmy |
| 610 | 2 | 0 | |a príjmy pracovné |
| 610 | 2 | 0 | |a podiely obchodné |
| 610 | 2 | 0 | |a hodnota pridaná |
| 100 | 1 | |a Konečný, Zdeněk | |
| 700 | 1 | |a Jeřábek, Tomáš | |